000 00295nam a2200133Ia 4500
100 _aPritchard.R.T
942 _cBK
654 _aWorkshop
245 _aWorkshop Processes Vol I & II
260 _bEnglish language book society
_c2001
082 _a671.4
300 _a214
546 _aENGLISH
999 _c25565
_d25565